| 000 | 00420nam a2200169Ia 4500 | ||
|---|---|---|---|
| 008 | 180207s9999 xx 000 0 und d | ||
| 020 | _a307121259 | ||
| 050 | _bR595 1963 | ||
| 100 | _aRisom, Ole. | ||
| 245 | _aI am a bunny / | ||
| 245 | _cOle Risom ; illustrated by Richard Scarry. | ||
| 260 | _aNew York : | ||
| 260 | _bGolden Book, | ||
| 260 | _c1963 | ||
| 300 | _aunpaged : | ||
| 300 | _bcolor illustration ; | ||
| 999 |
_c355251 _d355251 |
||